Early social formations / (Record no. 4866)

MARC details
000 -LEADER
fixed length control field 01161cam a2200217 4500
001 - CONTROL NUMBER
control field 5765
005 - DATE AND TIME OF LATEST TRANSACTION
control field 20181127180204.0
008 - FIXED-LENGTH DATA ELEMENTS--GENERAL INFORMATION
fixed length control field 100105s2010 ii a b 001 0 eng d
010 ## - LIBRARY OF CONGRESS CONTROL NUMBER
LC control number 2010319852
020 ## - INTERNATIONAL STANDARD BOOK NUMBER
International Standard Book Number 9789378314070
100 0# - MAIN ENTRY--PERSONAL NAME
Personal name Amar Farooqui.
245 10 - TITLE STATEMENT
Title Early social formations /
Statement of responsibility, etc. Amar Farooqui.
260 ## - PUBLICATION, DISTRIBUTION, ETC.
Place of publication, distribution, etc. New Delhi :
Name of publisher, distributor, etc. Oxford University Press,
Date of publication, distribution, etc. 2010.
300 ## - PHYSICAL DESCRIPTION
Extent xiv, 354 p. :
Dimensions 23 cm.
504 ## - BIBLIOGRAPHY, ETC. NOTE
Bibliography, etc. note Includes bibliographical references and indexes.
505 ## - FORMATTED CONTENTS NOTE
Formatted contents note Human Evolution -- Paleolithic Age -- Neolithic Age -- The Beginnings of Civilization and Bronze Age Mesopotamia -- Early Egyptian Civilization -- From Bronze Age to Iron Age: Anatolia and Greece -- Archaic and Classical Greece -- Ancient Rome (I) -- Ancient Rome (II) -- Ancient Rome: Crisis and Decline -- The Arabs, Islam, and the Early Abbasid Caliphate -- Early Medieval West Asia -- Germanic Invasions and After: Origins of Medieval Europe -- Feudalism in the Roman Empire.
Miscellaneous information
Statement of responsibility
Title
520 ## - SUMMARY, ETC.
Summary, etc. With reference to Tamil Nadu and Kerala, India.
650 ## - SUBJECT ADDED ENTRY--TOPICAL TERM
Topical term or geographic name entry element Civilization -- History.
Form subdivision
General subdivision
Chronological subdivision
Geographic subdivision
Source of heading or term
Topical term or geographic name entry element Social history.
Form subdivision
General subdivision
Chronological subdivision
Geographic subdivision
Source of heading or term
Topical term or geographic name entry element Social change
Holdings
Withdrawn status Lost status Source of classification or shelving scheme Damaged status Not for loan Collection code Home library Current library Shelving location Serial Enumeration / chronology Inventory number Total Checkouts Total Renewals Full call number Barcode Date last seen Date last checked out Copy number Price effective from Koha item type
    Dewey Decimal Classification     Main TEST RTC Library RTC Library Main opac 9204 2 5 930 FAR 30009275 20/11/2019 02/10/2019 4 27/11/2018 Main
    Dewey Decimal Classification     Main TEST RTC Library RTC Library Main opac 9203 3 5 930 FAR 30009252 02/12/2019 20/11/2019 3 27/11/2018 Main
    Dewey Decimal Classification     Main TEST RTC Library RTC Library Main opac 9202 3 3 930 FAR 30009015 25/10/2019 19/09/2019 2 27/11/2018 Main
    Dewey Decimal Classification     Main TEST RTC Library RTC Library Main opac 9201 3 2 930 FAR 30009162 02/12/2019 18/11/2019 1 27/11/2018 Main
Royal Thimphu College || All Right Reserved